Python programming: An object-oriented approach (Record no. 397210)

MARC details
000 -LEADER
fixed length control field 00508 a2200181 4500
005 - DATE & TIME
control field 20260414105838.0
008 - FIXED-LENGTH DATA ELEMENTS--GENERAL INFORMATION
fixed length control field 260413b |||||||| |||| 00| 0 eng d
020 ## - ISBN
International Standard Book Number 9789393330390
Price Rs. 975.00
040 ## - CATALOGING SOURCE
Original cataloging agency VIVEKANANDA LIBRARY
082 ## - DDC NUMBER
Classification number 005.133
Book Number G552P
100 ## - MAIN ENTRY--PERSONAL NAME
Personal name Goel, Anita
245 ## - TITLE STATEMENT
Title Python programming: An object-oriented approach
260 ## - PUBLICATION, DISTRIBUTION, ETC. (IMPRINT)
Name of publisher, distributor, etc University Press
Date of publication, distribution, etc 2025
Place of publication, distribution, etc Hyderabad
300 ## - PHYSICAL DESCRIPTION
Pages xxvi, 818
650 ## - Subject
Subject Computer Science
650 ## - Subject
Subject Python- Computer Programming Language
942 ## - ADDED ENTRY ELEMENTS (KOHA)
Koha item type Books
Holdings
Withdrawn status Lost status Source of classification or shelving scheme Damaged status Not for loan Location (home branch) Sublocation or collection (holding branch) Shelving location Date acquired Koha issues (times borrowed) Koha full call number Accession No. Koha date last seen Koha item type
    Dewey Decimal Classification     VIVEKANANDA LIBRARY VIVEKANANDA LIBRARY UIET Library 12/03/2026   005.133 G552P 431056 12/03/2026 Books
© Designed and Maintained by Vivekananda Library, MDU Rohtak